000 00333nam a2200121Ia 4500
008 220217s9999||||xx |||||||||||||| ||und||
082 _a621.3815 SAN
100 _aGupta, Sanjiv
_91213
245 0 _aElectronic devices and circuits
260 _aDhanpat rai publications
_bNew Delhi
_c2000
300 _b100
650 _aCIRCUITRY
999 _c166026
_d166026